MARC details
| 000 -CABECERA |
| campo de control de longitud fija |
02234cab a2200265 ab4500 |
| 005 - FECHA Y HORA DE LA ÚLTIMA TRANSACCIÓN |
| campo de control |
20240925070117.0 |
| 008 - ELEMENTOS DE LONGITUD FIJA--INFORMACIÓN GENERAL |
| campo de control de longitud fija |
991125c2016 sp fr p o 000 0 spa d |
| 035 ## - NÚMERO DE CONTROL DEL SISTEMA |
| Número de control de sistema |
UPN01000224075 |
| 040 ## - FUENTE DE LA CATALOGACIÓN |
| Centro catalogador/agencia de origen |
MX-MxUPN |
| Lengua de catalogación |
spa |
| Centro/agencia transcriptor |
MX-MxUPN |
| Normas de descripción |
aacr2 |
| 049 ## - COLECCIÓN |
| Colección |
ART-E |
| 100 1# - ASIENTO PRINCIPAL--NOMBRE PERSONAL |
| Nombre de persona |
Campos Barrionuevo, Blas |
| 9 (RLIN) |
37491 |
| 245 13 - MENCIÓN DE TÍTULO |
| Título |
La educación integral: indicador de calidad y éxito escolar en el siglo XXI |
| Medio |
[recurso electrónico en línea] |
| 506 0# - NOTA DE RESTRICCIONES AL ACCESO |
| Limitaciones de acceso |
Acceso abierto |
| 520 3# - NOTA DE RESUMEN, ETC. |
| Sumario, etc. |
El término educación vincula generalmente al de enseñanza, aunque no siempre toda enseñanza es educativa. Sin embargo, grosso modo, puede establecerse que vienen a ser dos términos insoslayables en la realidad escolar, al igual que ocurre con enseñanza y el aprendizaje. La evolución de la sociedad y su estado actual en pleno siglo XXI, conlleva en el marco de las exigencias de la globalización y de la sociedad del conocimiento, de la información y comunicación, desarrollar por parte de los sistemas educativos, así como los centros escolares y su profesorado una educación de calidad en el alumnado que [contribuya] y posibilite [a] un desarrollo global-integral de aquél considerado como persona educable, en ambientes de amplia interacción y comunicación educativa. Para la consecución de esta amplia finalidad, aspecto establecido en la actual legislación vigente, debe actuarse de forma sistémica desde de todas las instancias y agentes de los centros educativos, así como del contexto circundante de los mismos, siendo este último un verdadero factor de desarrollo organizativo, aprovechando los verdaderos bancos de talento en que pueden constituirse los agentes externos al propio centro; todo lo cual redundará en un óptimo y progresivo éxito escolar de nuestros estudiantes. REI |
| 650 #2 - ASIENTO SECUNDARIO DE MATERIA - TERMINO TEMATICO |
| 9 (RLIN) |
22361 |
| Término de materia o nombre geográfico como elemento de entrada |
Educación integral |
| 650 #4 - ASIENTO SECUNDARIO DE MATERIA - TERMINO TEMATICO |
| 9 (RLIN) |
4684 |
| Término de materia o nombre geográfico como elemento de entrada |
Calidad de la educación |
| 650 #4 - ASIENTO SECUNDARIO DE MATERIA - TERMINO TEMATICO |
| Término de materia o nombre geográfico como elemento de entrada |
Globalización |
| 9 (RLIN) |
5377 |
| 650 #4 - ASIENTO SECUNDARIO DE MATERIA - TERMINO TEMATICO |
| Término de materia o nombre geográfico como elemento de entrada |
Valores |
| 9 (RLIN) |
308 |
| 653 0# - TERMINO DE INDIZACION - NO CONTROLADO |
| Término no controlado |
Transversalidad |
| 773 ## - ENLACE AL DOCUMENTO FUENTE/ENTRADA DE REGISTRO ANFITRIÓN |
| Parte(s) relacionada(s) |
Vol. 9, no. 3 (2016), p. 111-125 |
| Título |
Revista de educación inclusiva |
| Número Internacional Normalizado para Publicaciones Seriadas |
1989-4643 |
| 856 4# - LOCALIZACIÓN Y ACCESO ELECTRÓNICOS |
| Identificador Uniforme del Recurso |
<a href="http://www.revistaeducacioninclusiva.es/index.php/REI/article/view/256/250">http://www.revistaeducacioninclusiva.es/index.php/REI/article/view/256/250</a> |
| 902 ## - ELEMENTOS DE DATOS B LOCAL, LDB (RLIN) |
| Modificó |
Leonor Sotres/060524 |
| 905 ## - TIPO DE MATERIAL |
| Tipo de material |
Articulo |
| 942 ## - ELEMENTOS DE PUNTO DE ACCESO ADICIONAL (KOHA) |
| Tipo de ítem Koha |
Artículo Electrónico |